00210nam a2200073Ia 4500008004100000082000800041100002000049245006700069240331s9999 xx 000 0 und d bHER aHerskovits, M.F 0aCulturalanthropology :babridged revision of man and his works